|
|
|
|
| LEADER |
00000cam a2200000 a 4500 |
| 001 |
vtls001440635 |
| 003 |
SK-MaSNL |
| 005 |
20260302002100.0 |
| 008 |
240226s2001 xo abo grnf 001 0 slo |
| 015 |
|
|
|a SNBA2003/01-00091
|
| 020 |
|
|
|a 8085575248
|
| 035 |
|
|
|a SNK000395808
|
| 035 |
|
|
|a urn:nbn:sk:snk-am3j040
|
| 035 |
|
|
|a 20C6D15E-2985-441B-BCC0-2F78458D4FF8
|
| 035 |
|
|
|a urn:nbn:sk:snk-am00gdyv
|
| 040 |
|
|
|a SNK
|b slo
|c SNK
|e AACR2
|
| 041 |
0 |
|
|a slo
|
| 044 |
|
|
|a xo
|c SK
|
| 080 |
|
|
|a 911.375(091)
|2 2011
|
| 080 |
|
|
|a (437.6)
|2 2011
|
| 080 |
|
|
|a (035)
|2 2011
|
| 100 |
1 |
|
|a Zavatsky, Günter
|4 aut
|4 ill
|9 638981
|
| 245 |
1 |
0 |
|a Mníšek nad Hnilcom
|c Günter Zavatzky
|
| 260 |
|
|
|a Prešov
|b Dino
|c 2001
|
| 300 |
|
|
|a 142 strán, 7 nečíslovaných strán obrazových príloh
|b farebné fotografie, ilustrácie, mapy
|c 22 cm
|
| 500 |
|
|
|a Mapy na predsádkach
|
| 500 |
|
|
|a Vydané pre Obecný úrad v Mnišku nad Hnilcom
|
| 504 |
|
|
|a Bibliografia na strane 141 ; abecedný zoznam chotárnych názvov
|
| 650 |
0 |
7 |
|a dejiny obcí
|2 SNKPH
|9 164834
|
| 651 |
|
7 |
|a Mníšek nad Hnilcom (Slovensko)
|2 SNKPHgeo
|9 31223
|
| 655 |
|
7 |
|a príručky
|2 SNKPH
|9 74364
|
| 710 |
1 |
|
|a Mníšek nad Hnilcom (Slovensko).
|b Obecný úrad
|4 pbl
|9 193660
|
| 919 |
|
|
|a 80-85575-24-8
|
| 958 |
|
|
|a TL
|
| 958 |
|
|
|a NB
|
| 958 |
|
|
|a OND
|
| 999 |
|
|
|c 986539
|d 988469
|
| 952 |
|
|
|t P60, <03>, [BOOK], {603}
|a SNK
|b SNK
|y PREZ
|7 0
|p 17A0356686
|o snkSC 109230
|i snkKSP 11306/2002
|0 0
|1 0
|4 0
|d 2002-09-17
|f 1
|l 0
|r 2025-09-30 00:00:00
|w 2026-02-24
|
| 952 |
|
|
|t P60, <04>, [BOOK], {604}
|a SNK
|b SNK
|y VYP
|7 0
|p 17A0356687
|o snkSC 109230 D1
|i snkKSP 11307/2002
|0 0
|1 0
|4 0
|d 2002-09-17
|l 0
|r 2005-01-02 00:00:00
|w 2026-02-24
|